| 000 | 00694nam a2200193 a 4500 | ||
|---|---|---|---|
| 001 | 50948 | ||
| 005 | 20180714040214.0 | ||
| 008 | 140415s1978 sp 000 0 spa d | ||
| 020 | _a8431305169 | ||
| 041 | _aspa | ||
| 082 |
_a128 _bIBA |
||
| 100 | 1 | _aIBAÑEZ LANGLOIS, J. M. | |
| 245 | 1 | 0 | _aINTRODUCCION A LA ANTROPOLOGIA FILOSOFICA |
| 250 | _a5ed. | ||
| 260 |
_aESPAÑA : _bEUNSA, _c1978, 1999 |
||
| 300 |
_a227 _c11 x 0.6 x 18 |
||
| 520 | _aEN UN SENTIDO MAS AMPLIO ANTROPOLOGÍA PUEDE DESIGNAR AQUELLOS CONOCIMIENTOS DE ORRDEN HISTÓRICO,SOCIOLÓGICO,LINGUISTICO, ETC. QUE ABORDEN DESDE DIVERSAS PERSPECTIVAS EL FENÓMENO HUMANO. | ||
| 650 | 1 | 4 | _aANTROPOLOGIA FILOSOFICA |
| 999 |
_c50948 _d50948 |
||